| 000 | 00440nam a22001697a 4500 | ||
|---|---|---|---|
| 003 | OSt | ||
| 005 | 20211109111105.0 | ||
| 008 | 211109b |||||||| |||| 00| 0 eng d | ||
| 020 | _a0-443-05783-4 | ||
| 040 |
_aDDC _cHU |
||
| 082 |
_21 _a615.1 _b1 |
||
| 100 |
_aTrounce John _917446 |
||
| 245 | _aTest Yourself in Clinical Pharmacology for Nurses | ||
| 250 | _a1 | ||
| 260 |
_aNew York _bCHURCHILL LIVINGSTONE _c1997 |
||
| 942 |
_2ddc _cBOOKS _n0 |
||
| 999 |
_c17243 _d17243 |
||